[Event "Marienbad 2016 - GM"]
[Site "Marianske Lazne CZE"]
[Date "2016.01.19"]
[Round "5.4"]
[White "Moulthun, Ly"]
[Black "Esserman, Marc"]
[Result "1/2-1/2"]
[WhiteElo "2474"]
[BlackElo "2419"]
[PlyCount "113"]
[EventDate "2016.01.16"]
[EventType "tourn"]
[EventRounds "9"]
[EventCountry "CZE"]
[Source "lmi"]
[SourceDate "2016.01.16"]

1. e4 c5 2. Nf3 d6 3. Bb5+ Nd7 4. O-O a6 5. Bd3 Ngf6 6. c3 b5 7. Bc2 e5 8. d4
Be7 9. Re1 O-O 10. Nbd2 Qc7 11. Nf1 Re8 12. Ng3 Bf8 13. h3 g6 14. b3 Bg7 15. d5
c4 16. b4 a5 17. a4 axb4 18. cxb4 bxa4 19. Rxa4 Bb7 20. Be3 Nb6 21. Ra5 Rxa5
22. bxa5 Nbd7 23. Qa1 Ba6 24. Qc3 Rb8 25. Rb1 Rxb1+ 26. Bxb1 Nc5 27. Bc2 Nfd7
28. Bd2 Bf6 29. Nh2 h5 30. Ngf1 Qb8 31. Qa3 Nb3 32. Bb4 Ndc5 33. Nd2 Qb5 34.
Nhf1 Nd4 35. Bd1 Bg5 36. Ne3 Bxe3 37. fxe3 Ndb3 38. Bxb3 Nxb3 39. Nf3 f6 40.
Kh2 Nc5 41. Nd2 Kf7 42. Kg1 Ke8 43. Kh2 Kd7 44. Kg1 Nd3 45. Bxd6 c3 46. Nb3 c2
47. Bf8 Qxb3 48. Qd6+ Kc8 49. Qxa6+ Qb7 50. Qc4+ Qc7 51. Qa6+ Kb8 52. Bd6 c1=Q+
53. Kh2 Qxe3 54. Qb5+ Ka7 55. Bxc7 Qf4+ 56. Kg1 Qc1+ 57. Kh2 1/2-1/2

[Event "Marienbad 2016 - GM"]
[Site "Marianske Lazne CZE"]
[Date "2016.01.19"]
[Round "5.5"]
[White "Kim, Alexey"]
[Black "Kononenko, Dmitry"]
[Result "1/2-1/2"]
[WhiteElo "2460"]
[BlackElo "2618"]
[PlyCount "20"]
[EventDate "2016.01.16"]
[EventType "tourn"]
[EventRounds "9"]
[EventCountry "CZE"]
[Source "lmi"]
[SourceDate "2016.01.16"]

1. e4 c5 2. Nf3 e6 3. c4 Nc6 4. Nc3 e5 5. g3 d6 6. Bg2 g6 7. d3 Bg7 8. a3 Nge7
9. Rb1 O-O 10. b4 b6 1/2-1/2

[Event "Marienbad 2016 - GM"]
[Site "Marianske Lazne CZE"]
[Date "2016.01.20"]
[Round "6.1"]
[White "Kobo, Ori"]
[Black "Kononenko, Dmitry"]
[Result "1/2-1/2"]
[WhiteElo "2437"]
[BlackElo "2618"]
[PlyCount "46"]
[EventDate "2016.01.16"]
[EventType "tourn"]
[EventRounds "9"]
[EventCountry "CZE"]
[Source "lmi"]
[SourceDate "2016.01.16"]

1. e4 c5 2. Nf3 Nc6 3. d4 cxd4 4. Nxd4 Nf6 5. Nc3 d6 6. Bg5 e6 7. Qd2 a6 8.
O-O-O h6 9. Nxc6 bxc6 10. Bf4 d5 11. Qe3 Bb4 12. a3 Ba5 13. h4 O-O 14. f3 Qb6
15. Qxb6 Bxb6 16. Na4 Ba7 17. Bd3 dxe4 18. Bxe4 Nxe4 19. fxe4 e5 20. Bxe5 Re8
21. Bd4 Bg4 22. Rd2 Rxe4 23. Bxa7 Rxa4 1/2-1/2

[Event "Marienbad 2016 - GM"]
[Site "Marianske Lazne CZE"]
[Date "2016.01.20"]
[Round "6.2"]
[White "Esserman, Marc"]
[Black "Kim, Alexey"]
[Result "0-1"]
[WhiteElo "2419"]
[BlackElo "2460"]
[PlyCount "84"]
[EventDate "2016.01.16"]
[EventType "tourn"]
[EventRounds "9"]
[EventCountry "CZE"]
[Source "lmi"]
[SourceDate "2016.01.16"]

1. e4 c5 2. Nf3 e6 3. d4 cxd4 4. Nxd4 Nc6 5. Nc3 Qc7 6. g3 a6 7. Bg2 Nf6 8. O-O
h5 9. h3 d6 10. Re1 Bd7 11. Nxc6 Bxc6 12. Nd5 Bxd5 13. exd5 e5 14. Bg5 Nd7 15.
Rc1 Be7 16. Be3 g6 17. c4 a5 18. f4 Nc5 19. b3 f5 20. fxe5 dxe5 21. a3 e4 22.
Bf4 Qb6 23. Qd4 Bf6 24. Qf2 Rc8 25. Rb1 Qd8 26. Bf1 O-O 27. Red1 Nd7 28. d6 g5
29. Be3 Be5 30. Qg2 Kh8 31. Rd5 f4 32. Qxe4 fxe3 33. Bd3 Rf7 34. Rxe5 Nxe5 35.
Qxe5+ Qf6 36. d7 Rcf8 37. Qxe3 Re7 38. Qc5 b6 39. Qc8 Kg7 40. Rf1 Qd4+ 41. Kh2
Rf2+ 42. Kg1 Rxf1+ 0-1

[Event "Marienbad 2016 - GM"]
[Site "Marianske Lazne CZE"]
[Date "2016.01.20"]
[Round "6.3"]
[White "Siva, Mahadevan"]
[Black "Moulthun, Ly"]
[Result "1/2-1/2"]
[WhiteElo "2370"]
[BlackElo "2474"]
[PlyCount "81"]
[EventDate "2016.01.16"]
[EventType "tourn"]
[EventRounds "9"]
[EventCountry "CZE"]
[Source "lmi"]
[SourceDate "2016.01.16"]

1. e4 c5 2. Nf3 e6 3. d4 cxd4 4. Nxd4 a6 5. c4 Nf6 6. Nc3 Qc7 7. Be2 Bb4 8. O-O
O-O 9. Bg5 Bxc3 10. Bxf6 Bxb2 11. Qd2 gxf6 12. Qxb2 d6 13. Rad1 e5 14. Nc2 Be6
15. Ne3 Nd7 16. f4 Qc5 17. Qd2 exf4 18. Rxf4 Kh8 19. Kh1 Rg8 20. Nd5 b5 21. Rc1
Rac8 22. Ne7 bxc4 23. Nxg8 Rxg8 24. Bf1 Rc8 25. Rf3 Qg5 26. Qc2 Ne5 27. Rc3 Ng4
28. h3 Ne5 29. Rd1 Rc6 30. Qf2 f5 31. exf5 Qxf5 32. Qd4 Kg8 33. g4 Qf6 34. Bg2
Rc8 35. Qxd6 Nc6 36. Rcc1 Ne5 37. Qd4 Qg5 38. Rc3 Nd3 39. Rdxd3 cxd3 40. Rxc8+
Bxc8 41. Qxd3 1/2-1/2

[Event "Marienbad 2016 - GM"]
[Site "Marianske Lazne CZE"]
[Date "2016.01.20"]
[Round "6.4"]
[White "Vykouk, Jan"]
[Black "Szwed, Jacek"]
[Result "1/2-1/2"]
[WhiteElo "2427"]
[BlackElo "2369"]
[PlyCount "119"]
[EventDate "2016.01.16"]
[EventType "tourn"]
[EventRounds "9"]
[EventCountry "CZE"]
[Source "lmi"]
[SourceDate "2016.01.16"]

1. e4 e6 2. d4 d5 3. Nd2 c5 4. exd5 Qxd5 5. Ngf3 cxd4 6. Bc4 Qd6 7. O-O Nf6 8.
Nb3 Nc6 9. Nbxd4 Nxd4 10. Qxd4 Qxd4 11. Nxd4 Bd7 12. Bf4 Rc8 13. Bb3 Bc5 14.
Rad1 O-O 15. h3 Rfd8 16. Rd3 b5 17. Rfd1 Bb6 18. Bg5 Kf8 19. Bxf6 gxf6 20. Nf5
Bc6 21. Rxd8+ Rxd8 22. Rxd8+ Bxd8 23. Nd4 Bd7 24. c4 b4 25. Bc2 Bb6 26. Ne2 f5
27. Kf1 Bc6 28. Nf4 Bd4 29. b3 Ke7 30. f3 a5 31. Ke2 Kf6 32. h4 Bb6 33. Nd3 Bc7
34. Kf2 e5 35. Ke3 Bb6+ 36. c5 Ba7 37. g4 e4 38. fxe4 fxe4 39. Nb2 Bxc5+ 40.
Kf4 Bd6+ 41. Ke3 Bc5+ 42. Kf4 e3 43. Bd3 Ke6 44. Nc4 Kd5 45. Be4+ Kd4 46. Bxc6
e2 47. Ne3 e1=N 48. Nc4 Be7 49. g5 f6 50. Nxa5 fxg5+ 51. hxg5 Nd3+ 52. Kf5 Nc1
53. Be4 Bxg5 54. Nc6+ Ke3 55. Nxb4 h6 56. Ke5 Bf6+ 57. Kd5 Bc3 58. Nc2+ Kf4 59.
b4 Nxa2 60. b5 1/2-1/2

[Event "Marienbad 2016 - GM"]
[Site "Marianske Lazne CZE"]
[Date "2016.01.20"]
[Round "6.5"]
[White "Padmini, Rout"]
[Black "Teske, Henrik"]
[Result "1/2-1/2"]
[WhiteElo "2427"]
[BlackElo "2461"]
[PlyCount "117"]
[EventDate "2016.01.16"]
[EventType "tourn"]
[EventRounds "9"]
[EventCountry "CZE"]
[Source "lmi"]
[SourceDate "2016.01.16"]

1. e4 c6 2. Nc3 d5 3. Nf3 Bg4 4. h3 Bxf3 5. Qxf3 e6 6. d4 Bb4 7. a3 dxe4 8.
Qxe4 Nf6 9. Qd3 Bd6 10. Be2 Nbd7 11. O-O Qc7 12. Ne4 Bh2+ 13. Kh1 Bf4 14. c3
O-O 15. Nxf6+ Nxf6 16. Qf3 Bxc1 17. Raxc1 Rfd8 18. Rcd1 Qb6 19. Rd2 e5 20. Rfd1
exd4 21. cxd4 Rd6 22. Qf4 Rad8 23. Bf3 h6 24. g3 Qb3 25. Qe3 Qb5 26. Kg2 Nd5
27. Qd3 Qb6 28. Bxd5 Rxd5 29. b4 g6 30. Qe3 Kg7 31. Rd3 Qc7 32. Qf3 R8d7 33.
Qe2 Qd6 34. Qf3 Qe7 35. Qe3 Qf6 36. Qd2 R7d6 37. Qc3 Qd8 38. R1d2 Kh7 39. Qc4
Qd7 40. Qc3 Rh5 41. h4 Rhd5 42. Rf3 Kg7 43. Re3 Qg4 44. Re7 Rd7 45. Rxd7 Qxd7
46. Re2 Qd8 47. Re5 Rxe5 48. dxe5 Qd5+ 49. Kg1 Qe6 50. a4 b6 51. a5 g5 52. hxg5
hxg5 53. axb6 axb6 54. Qe3 g4 55. Qxb6 Qxe5 56. Qxc6 Qe1+ 57. Kg2 Qxb4 58. Qd5
Kg6 59. Qc6+ 1/2-1/2

[Event "Marienbad 2016 - GM"]
[Site "Marianske Lazne CZE"]
[Date "2016.01.21"]
[Round "7.1"]
[White "Teske, Henrik"]
[Black "Kobo, Ori"]
[Result "1/2-1/2"]
[WhiteElo "2461"]
[BlackElo "2437"]
[PlyCount "82"]
[EventDate "2016.01.16"]
[EventType "tourn"]
[EventRounds "9"]
[EventCountry "CZE"]
[Source "lmi"]
[SourceDate "2016.01.16"]

1. d4 Nf6 2. c4 g6 3. Nc3 d5 4. cxd5 Nxd5 5. Bd2 Bg7 6. e4 Nxc3 7. Bxc3 O-O 8.
Bc4 c5 9. d5 Bxc3+ 10. bxc3 Qd6 11. Nf3 Bg4 12. h3 Bxf3 13. Qxf3 Nd7 14. Bb5
Nb6 15. Be2 f5 16. O-O fxe4 17. Qxe4 Rf4 18. Qe6+ Kg7 19. Bf3 Qxe6 20. dxe6 Rb8
21. Rab1 Kf6 22. Rb5 Rc4 23. Ra5 Nc8 24. Rc1 b5 25. Bd1 Re4 26. Kf1 Rxe6 27.
Bg4 Rc6 28. Bd7 Rc7 29. Bxb5 c4 30. Ba4 Nd6 31. Bd1 Rb2 32. Bf3 Rd7 33. Bc6 Rc7
34. Bf3 Rb5 35. Rxb5 Nxb5 36. Ke2 Rc5 37. a4 Nd6 38. Rb1 e5 39. Ke3 Nf5+ 40.
Ke2 Nd6 41. Ke3 Nf5+ 1/2-1/2

[Event "Marienbad 2016 - GM"]
[Site "Marianske Lazne CZE"]
[Date "2016.01.21"]
[Round "7.2"]
[White "Szwed, Jacek"]
[Black "Padmini, Rout"]
[Result "1/2-1/2"]
[WhiteElo "2369"]
[BlackElo "2427"]
[PlyCount "89"]
[EventDate "2016.01.16"]
[EventType "tourn"]
[EventRounds "9"]
[EventCountry "CZE"]
[Source "lmi"]
[SourceDate "2016.01.16"]

1. e4 c5 2. Nf3 e6 3. Nc3 Nc6 4. d4 cxd4 5. Nxd4 Qc7 6. g3 a6 7. Bg2 Nf6 8. O-O
Nxd4 9. Qxd4 Bc5 10. Bf4 d6 11. Qd2 h6 12. Rad1 e5 13. Be3 Be6 14. Bxc5 dxc5
15. Nd5 Bxd5 16. exd5 Qd6 17. f4 O-O 18. fxe5 Qxe5 19. c4 Qd6 20. Qf4 Ne8 21.
Qf5 Rd8 22. Be4 Nf6 23. Bc2 Rfe8 24. Rde1 b5 25. b3 Kf8 26. a3 bxc4 27. bxc4
Rxe1 28. Rxe1 Rb8 29. Ba4 Rd8 30. Bc6 g6 31. Qf3 Kg7 32. Qc3 h5 33. Qe5 Qxe5
34. Rxe5 Kf8 35. h3 Ng8 36. Bb7 Rd6 37. Re2 Ne7 38. Rb2 Nf5 39. Bc6 Ne3 40.
Rb8+ Kg7 41. Rb3 Nxc4 42. Rc3 Ne5 43. Rxc5 Kf6 44. Ra5 Nxc6 45. Rxa6 1/2-1/2

[Event "Marienbad 2016 - GM"]
[Site "Marianske Lazne CZE"]
[Date "2016.01.21"]
[Round "7.3"]
[White "Moulthun, Ly"]
[Black "Vykouk, Jan"]
[Result "1-0"]
[WhiteElo "2474"]
[BlackElo "2427"]
[PlyCount "101"]
[EventDate "2016.01.16"]
[EventType "tourn"]
[EventRounds "9"]
[EventCountry "CZE"]
[Source "lmi"]
[SourceDate "2016.01.16"]

1. e4 c5 2. Nf3 d6 3. d4 cxd4 4. Nxd4 Nf6 5. Nc3 a6 6. Be3 Ng4 7. Bc1 Nf6 8.
Be3 Ng4 9. Bc1 Nf6 10. f3 e5 11. Nb3 Be6 12. Be3 h5 13. Nd5 Bxd5 14. exd5 Nbd7
15. Qd2 g6 16. c4 b6 17. Rc1 Bg7 18. Be2 O-O 19. O-O a5 20. Na1 Ne8 21. Nc2 f5
22. Bd3 Nef6 23. Bg5 Qc7 24. Na3 Nc5 25. Nb5 Qd7 26. Bb1 Rfe8 27. Kh1 Re7 28.
g4 hxg4 29. Bxf6 Bxf6 30. fxg4 Rh7 31. gxf5 g5 32. Rg1 Kf7 33. Rce1 Rah8 34.
Re2 e4 35. Nd4 Be5 36. Rgg2 Bf4 37. Qd1 g4 38. Ne6 g3 39. Nxf4 Qxf5 40. Qc1 Rh4
41. Ne6 Nxe6 42. dxe6+ Ke8 43. Rxg3 Rf4 44. Rg1 Rh3 45. Qd2 Rfh4 46. Rg8+ Ke7
47. Qg5+ Qxg5 48. Rxg5 e3 49. Bf5 Rf3 50. Rg7+ Kf6 51. Rf7+ 1-0

[Event "Marienbad 2016 - GM"]
[Site "Marianske Lazne CZE"]
[Date "2016.01.21"]
[Round "7.4"]
[White "Kim, Alexey"]
[Black "Siva, Mahadevan"]
[Result "0-1"]
[WhiteElo "2460"]
[BlackElo "2370"]
[PlyCount "164"]
[EventDate "2016.01.16"]
[EventType "tourn"]
[EventRounds "9"]
[EventCountry "CZE"]
[Source "lmi"]
[SourceDate "2016.01.16"]

1. e4 c5 2. Nf3 d6 3. c3 Nf6 4. Be2 g6 5. O-O Bg7 6. Re1 O-O 7. Bf1 Nc6 8. h3
e5 9. d3 h6 10. a4 d5 11. Nbd2 Be6 12. exd5 Nxd5 13. Nc4 Qc7 14. Bd2 Rad8 15.
Qc1 Kh7 16. Re4 g5 17. Re1 Nf4 18. Bxf4 exf4 19. Nfd2 Ne7 20. Qc2 Bf5 21. Ne4
Bg6 22. Ned2 Rd5 23. Qb3 Rfd8 24. Na5 R5d7 25. Nac4 Bxd3 26. Bxd3+ Rxd3 27. Nf3
Ng6 28. Rad1 Rxd1 29. Rxd1 Rxd1+ 30. Qxd1 b6 31. Qd5 Bf8 32. Nfd2 Kg7 33. Ne4
Ne7 34. Qd3 Qc6 35. b3 Qd5 36. Qe2 Ng6 37. f3 f5 38. Nf2 Kf7 39. Nd3 Bg7 40.
Qc2 Bf6 41. Kf1 h5 42. Nf2 Nh4 43. Nd3 Ng6 44. Nf2 Kg7 45. Nd3 g4 46. hxg4 fxg4
47. fxg4 hxg4 48. Nf2 g3 49. Nh3 Qd7 50. Nd2 Qg4 51. Nf3 Ne5 52. Nxe5 Bxe5 53.
Ng1 Qg6 54. Qd1 Bxc3 55. Qd7+ Kh6 56. Qh3+ Qh5 57. Qe6+ Kh7 58. Qd7+ Bg7 59.
Nh3 Qe5 60. Qd3+ Kh6 61. Qf3 Qa1+ 62. Ke2 Qb2+ 63. Kf1 Qc1+ 64. Ke2 Qc2+ 65.
Kf1 Be5 66. Qc6+ Qg6 67. Qd5 Qd6 68. Qf3 a6 69. Ke2 b5 70. axb5 axb5 71. Qg4
Qg6 72. Qd7 c4 73. bxc4 bxc4 74. Qd2 c3 75. Qd5 Qg4+ 76. Kf1 c2 77. Qc6+ Qg6
78. Qc4 Bb2 79. Nxf4 Qf5 80. Qc6+ Kg5 81. Ke2 c1=Q 82. Ne6+ Kh6 0-1

[Event "Marienbad 2016 - GM"]
[Site "Marianske Lazne CZE"]
[Date "2016.01.21"]
[Round "7.5"]
[White "Kononenko, Dmitry"]
[Black "Esserman, Marc"]
[Result "1-0"]
[WhiteElo "2618"]
[BlackElo "2419"]
[PlyCount "61"]
[EventDate "2016.01.16"]
[EventType "tourn"]
[EventRounds "9"]
[EventCountry "CZE"]
[Source "lmi"]
[SourceDate "2016.01.16"]

1. e4 c5 2. Nf3 d6 3. d4 cxd4 4. Nxd4 Nf6 5. Nc3 a6 6. h3 Nc6 7. g4 Qb6 8. Nb3
e6 9. g5 Nd7 10. Qe2 Be7 11. h4 Qc7 12. Be3 b5 13. O-O-O Bb7 14. a3 Na5 15.
Nxa5 Qxa5 16. Rh3 Rc8 17. Kb1 Ne5 18. Bc1 Nc4 19. f4 O-O 20. Qe1 Rfe8 21. h5 d5
22. exd5 exd5 23. Bxc4 bxc4 24. Re3 Kf8 25. h6 gxh6 26. Qh4 Qb6 27. Nxd5 Bxd5
28. Rxd5 Red8 29. Rde5 Bc5 30. gxh6 Bxe3 31. Bxe3 1-0

[Event "Marienbad 2016 - GM"]
[Site "Marianske Lazne CZE"]
[Date "2016.01.22"]
[Round "8.1"]
[White "Kobo, Ori"]
[Black "Esserman, Marc"]
[Result "1-0"]
[WhiteElo "2437"]
[BlackElo "2419"]
[PlyCount "43"]
[EventDate "2016.01.16"]
[EventType "tourn"]
[EventRounds "9"]
[EventCountry "CZE"]
[Source "lmi"]
[SourceDate "2016.01.16"]

1. d4 f5 2. Bf4 Nf6 3. e3 g6 4. h4 d6 5. h5 Nxh5 6. Rxh5 gxh5 7. Qxh5+ Kd7 8.
Qxf5+ e6 9. Qd3 c6 10. Nc3 Na6 11. a3 Qa5 12. O-O-O Kc7 13. Nf3 Bd7 14. Ne4 Be8
15. Neg5 Kd7 16. Qb3 Nc7 17. Bc4 Kc8 18. Nxe6 b5 19. Bd3 Bf7 20. Bf5 Kb8 21.
Nd8 Be8 22. Ne5 1-0

[Event "Marienbad 2016 - GM"]
[Site "Marianske Lazne CZE"]
[Date "2016.01.22"]
[Round "8.2"]
[White "Siva, Mahadevan"]
[Black "Kononenko, Dmitry"]
[Result "0-1"]
[WhiteElo "2370"]
[BlackElo "2618"]
[PlyCount "102"]
[EventDate "2016.01.16"]
[EventType "tourn"]
[EventRounds "9"]
[EventCountry "CZE"]
[Source "lmi"]
[SourceDate "2016.01.16"]

1. e4 c5 2. Nf3 Nc6 3. d4 cxd4 4. Nxd4 Qc7 5. Nc3 e6 6. Be3 a6 7. Bd3 Nf6 8.
O-O b5 9. Nxc6 Qxc6 10. Be2 Bd6 11. Qd4 Bb7 12. Rad1 Bb8 13. Bf3 Qc7 14. g3 Ba7
15. Qd3 Bxe3 16. Qxe3 d6 17. a3 O-O 18. Rd4 e5 19. Rd2 Rfd8 20. Rfd1 h6 21. Bg2
Bc6 22. Rd3 a5 23. b4 Be8 24. h3 axb4 25. axb4 Qc4 26. Rxd6 Rxd6 27. Rxd6 Qxb4
28. Rd3 Qb2 29. Nd5 Qxc2 30. Nxf6+ gxf6 31. Rd6 Ra1+ 32. Kh2 Qc1 33. Qxc1 Rxc1
34. Rxf6 Bc6 35. Rf3 Kf8 36. Rd3 Ke7 37. g4 b4 38. Rb3 Rc4 39. Bf1 Rd4 40. f3
Ba4 41. Rb2 Kd6 42. Kg2 Bd1 43. Be2 Bxe2 44. Rxe2 b3 45. Rb2 Rd3 46. Kf2 Kc5
47. Ke2 Rc3 48. h4 Rc2+ 49. Rxc2+ bxc2 50. Kd2 Kd4 51. h5 f6 0-1

[Event "Marienbad 2016 - GM"]
[Site "Marianske Lazne CZE"]
[Date "2016.01.22"]
[Round "8.3"]
[White "Vykouk, Jan"]
[Black "Kim, Alexey"]
[Result "0-1"]
[WhiteElo "2427"]
[BlackElo "2460"]
[PlyCount "78"]
[EventDate "2016.01.16"]
[EventType "tourn"]
[EventRounds "9"]
[EventCountry "CZE"]
[Source "lmi"]
[SourceDate "2016.01.16"]

1. e4 c5 2. Nf3 e6 3. d4 cxd4 4. Nxd4 a6 5. Bd3 Qc7 6. O-O Nf6 7. Nc3 Bd6 8.
Kh1 Nc6 9. Nxc6 dxc6 10. f4 e5 11. f5 b5 12. a4 Rb8 13. axb5 axb5 14. Bg5 Be7
15. Qe2 Qb6 16. Be3 Bc5 17. Bg5 Be7 18. Qf3 h6 19. Be3 Bc5 20. Bd2 Qc7 21. Qg3
Kf8 22. Ne2 Bb7 23. b4 Bd6 24. Qh4 Qe7 25. Ng3 Bxb4 26. Bg5 Kg8 27. Bxf6 Qxf6
28. Qxf6 gxf6 29. c4 Bc3 30. Rac1 b4 31. c5 Rd8 32. Rfd1 Kf8 33. Ne2 Bb2 34.
Rb1 Ba3 35. g3 Ke7 36. Bc4 Rxd1+ 37. Rxd1 Ra8 38. Rd2 Ba6 39. Bb3 Rd8 0-1

[Event "Marienbad 2016 - GM"]
[Site "Marianske Lazne CZE"]
[Date "2016.01.22"]
[Round "8.4"]
[White "Padmini, Rout"]
[Black "Moulthun, Ly"]
[Result "1/2-1/2"]
[WhiteElo "2427"]
[BlackElo "2474"]
[PlyCount "47"]
[EventDate "2016.01.16"]
[EventType "tourn"]
[EventRounds "9"]
[EventCountry "CZE"]
[Source "lmi"]
[SourceDate "2016.01.16"]

1. e4 e5 2. Nf3 Nc6 3. Bc4 Nf6 4. d3 Be7 5. O-O O-O 6. Re1 d6 7. c3 Kh8 8. Nbd2
Nd7 9. d4 Nb6 10. Bf1 exd4 11. cxd4 f5 12. h3 fxe4 13. Nxe4 Bf5 14. a3 Bg6 15.
d5 Ne5 16. Nxe5 dxe5 17. Nc3 Bc5 18. Be3 Bxe3 19. Rxe3 Rf4 20. g3 Rd4 21. Qe1
Nxd5 22. Nxd5 Rxd5 23. Rxe5 Rd2 24. Re2 1/2-1/2

[Event "Marienbad 2016 - GM"]
[Site "Marianske Lazne CZE"]
[Date "2016.01.22"]
[Round "8.5"]
[White "Teske, Henrik"]
[Black "Szwed, Jacek"]
[Result "1/2-1/2"]
[WhiteElo "2461"]
[BlackElo "2369"]
[PlyCount "27"]
[EventDate "2016.01.16"]
[EventType "tourn"]
[EventRounds "9"]
[EventCountry "CZE"]
[Source "lmi"]
[SourceDate "2016.01.16"]

1. c4 c5 2. g3 g6 3. Bg2 Bg7 4. Nc3 Nc6 5. a3 d6 6. Rb1 a5 7. d3 e5 8. e4 Nge7
9. Nge2 O-O 10. O-O Rb8 11. Bd2 Be6 12. Qc1 Qd7 13. Bh6 Bh3 14. Bxg7 1/2-1/2

[Event "Marienbad 2016 - GM"]
[Site "Marianske Lazne CZE"]
[Date "2016.01.23"]
[Round "9.1"]
[White "Szwed, Jacek"]
[Black "Kobo, Ori"]
[Result "0-1"]
[WhiteElo "2369"]
[BlackElo "2437"]
[PlyCount "94"]
[EventDate "2016.01.16"]
[EventType "tourn"]
[EventRounds "9"]
[EventCountry "CZE"]
[Source "lmi"]
[SourceDate "2016.01.16"]

1. e4 e6 2. d4 d5 3. Nd2 Nc6 4. Ngf3 Nf6 5. e5 Nd7 6. Be2 f6 7. exf6 Qxf6 8.
Nf1 Bd6 9. Ne3 O-O 10. O-O Qg6 11. c4 Nf6 12. c5 Be7 13. Bb5 Bd7 14. Bxc6 Bxc6
15. Ne5 Qe8 16. N3g4 b6 17. cxb6 axb6 18. Nxf6+ Bxf6 19. Re1 Bb5 20. Bd2 c5 21.
Bc3 Ra7 22. a3 Bxe5 23. Rxe5 Raf7 24. f3 Rf4 25. Qe1 Bd7 26. Rd1 Qg6 27. Qg3
Qf7 28. h3 h6 29. Ree1 Kh7 30. dxc5 bxc5 31. Be5 Rf5 32. Bd6 Rc8 33. f4 d4 34.
Re5 Rc6 35. Bb8 Rb6 36. Rxf5 exf5 37. Be5 Rxb2 38. Rf1 Bc6 39. Rf2 Rb3 40. Qh4
Rxa3 41. Qd8 Qg6 42. Qd6 Be4 43. Qxc5 Rg3 44. Qxd4 Rxg2+ 45. Kf1 Rg1+ 46. Ke2
Qh5+ 47. Ke3 Re1+ 0-1

[Event "Marienbad 2016 - GM"]
[Site "Marianske Lazne CZE"]
[Date "2016.01.23"]
[Round "9.2"]
[White "Moulthun, Ly"]
[Black "Teske, Henrik"]
[Result "1-0"]
[WhiteElo "2474"]
[BlackElo "2461"]
[PlyCount "95"]
[EventDate "2016.01.16"]
[EventType "tourn"]
[EventRounds "9"]
[EventCountry "CZE"]
[Source "lmi"]
[SourceDate "2016.01.16"]

1. e4 e6 2. d4 d5 3. Nd2 c5 4. Ngf3 Nf6 5. exd5 Nxd5 6. Nb3 cxd4 7. Nbxd4 Bd7
8. Be2 Nc6 9. O-O Bc5 10. c4 Nxd4 11. Nxd4 Ne7 12. Be3 Rc8 13. Bf3 b6 14. Bf4
O-O 15. Nb3 Bc6 16. Bxc6 Rxc6 17. Nxc5 bxc5 18. Qxd8 Rxd8 19. Rfd1 Rd4 20. Be3
Rxd1+ 21. Rxd1 f6 22. Rd7 Nc8 23. b3 a6 24. f3 Kf8 25. Kf2 Ne7 26. g4 Ke8 27.
Rb7 g5 28. Ke2 h6 29. h3 Kf7 30. Kd2 e5 31. a3 Ke6 32. Kd3 f5 33. b4 cxb4 34.
axb4 Ng6 35. Rh7 e4+ 36. fxe4 fxg4 37. Rxh6 Kf7 38. Rh7+ Kg8 39. Rh5 gxh3 40.
Rxh3 Ne5+ 41. Kd4 Nxc4 42. Kd5 g4 43. Rg3 Rc8 44. Rxg4+ Kf7 45. Bc5 Na3 46. e5
Rd8+ 47. Bd6 Nb5 48. Rf4+ 1-0

[Event "Marienbad 2016 - GM"]
[Site "Marianske Lazne CZE"]
[Date "2016.01.23"]
[Round "9.3"]
[White "Kim, Alexey"]
[Black "Padmini, Rout"]
[Result "1/2-1/2"]
[WhiteElo "2460"]
[BlackElo "2427"]
[PlyCount "21"]
[EventDate "2016.01.16"]
[EventType "tourn"]
[EventRounds "9"]
[EventCountry "CZE"]
[Source "lmi"]
[SourceDate "2016.01.16"]

1. e4 c5 2. Nf3 e6 3. d4 cxd4 4. Nxd4 Nc6 5. Nb5 d6 6. c4 Nf6 7. N1c3 a6 8. Nd4
Be7 9. Be2 O-O 10. Be3 Bd7 11. O-O 1/2-1/2

[Event "Marienbad 2016 - GM"]
[Site "Marianske Lazne CZE"]
[Date "2016.01.23"]
[Round "9.4"]
[White "Kononenko, Dmitry"]
[Black "Vykouk, Jan"]
[Result "1-0"]
[WhiteElo "2618"]
[BlackElo "2427"]
[PlyCount "57"]
[EventDate "2016.01.16"]
[EventType "tourn"]
[EventRounds "9"]
[EventCountry "CZE"]
[Source "lmi"]
[SourceDate "2016.01.16"]

1. e4 c5 2. Nf3 d6 3. d4 cxd4 4. Nxd4 Nf6 5. Nc3 g6 6. h3 Bg7 7. g4 Nc6 8. Be3
O-O 9. Bg2 Nd7 10. Qd2 Rb8 11. O-O-O Qa5 12. Nb3 Qd8 13. Bh6 b5 14. Bxg7 Kxg7
15. Nd5 Bb7 16. h4 h6 17. f4 a5 18. Kb1 a4 19. Nc1 e5 20. f5 Nb6 21. g5 Nxd5
22. exd5 Nd4 23. f6+ Kg8 24. h5 Nf5 25. Be4 Ng3 26. hxg6 Nxe4 27. g7 Nxd2+ 28.
Rxd2 Qa5 29. Rxh6 1-0

[Event "Marienbad 2016 - MI - B1"]
[Site "Marianske Lazne CZE"]
[Date "2016.01.16"]
[Round "1.1"]
[White "Obolentseva, Alexandra"]
[Black "Lokander, Martin"]
[Result "1/2-1/2"]
[WhiteElo "2194"]
[BlackElo "2369"]
[PlyCount "62"]
[EventDate "2016.01.16"]
[EventType "tourn"]
[EventRounds "9"]
[EventCountry "CZE"]
[Source "lmi"]
[SourceDate "2016.01.16"]

1. d4 Nf6 2. c4 c5 3. d5 b5 4. cxb5 a6 5. bxa6 g6 6. Nc3 Bg7 7. e4 O-O 8. Nf3
Qa5 9. Nd2 Bxa6 10. Be2 d6 11. O-O Nbd7 12. Nc4 Qc7 13. Qc2 Ng4 14. b3 Nge5 15.
Bb2 Rfb8 16. Nxe5 Nxe5 17. Bxa6 Rxa6 18. f4 Nd7 19. Nd1 c4 20. Bxg7 Kxg7 21.
bxc4 Qc5+ 22. Nf2 Rb4 23. Rfc1 Nb6 24. Rab1 Rxc4 25. Qb2+ f6 26. Rxc4 Nxc4 27.
Qc2 Qd4 28. Rd1 Ne3 29. Qc7 Ra7 30. Qxe7+ Rxe7 31. Rxd4 Rc7 1/2-1/2

[Event "Marienbad 2016 - MI - B1"]
[Site "Marianske Lazne CZE"]
[Date "2016.01.16"]
[Round "1.2"]
[White "Grela, Kacper"]
[Black "Jurek, Josef"]
[Result "0-1"]
[WhiteElo "2292"]
[BlackElo "2291"]
[PlyCount "68"]
[EventDate "2016.01.16"]
[EventType "tourn"]
[EventRounds "9"]
[EventCountry "CZE"]
[Source "lmi"]
[SourceDate "2016.01.16"]

1. e4 e6 2. d4 d5 3. Nd2 Be7 4. Ngf3 Nf6 5. Bd3 c5 6. dxc5 dxe4 7. Nxe4 Nxe4 8.
Bxe4 Qxd1+ 9. Kxd1 Bxc5 10. Ke2 Nd7 11. b3 Nf6 12. Bd3 Bd7 13. Bb2 O-O 14. Ne5
Be8 15. Rad1 Rc8 16. a3 Nd5 17. g3 f6 18. Nf3 Bh5 19. c4 Rfe8 20. Bb1 a5 21.
Rhg1 Rcd8 22. Rd3 Ne7 23. g4 Bg6 24. Rd2 e5 25. g5 Kf7 26. Bxg6+ Nxg6 27. Rgd1
Ke7 28. Bc3 Rxd2+ 29. Nxd2 Nf4+ 30. Kf3 Rd8 31. gxf6+ gxf6 32. Bxa5 Rd3+ 33.
Kg4 Ke6 34. f3 Bf2 0-1

[Event "Marienbad 2016 - MI - B1"]
[Site "Marianske Lazne CZE"]
[Date "2016.01.16"]
[Round "1.3"]
[White "Studnicka, Tomas"]
[Black "Paramzina, Anastasya"]
[Result "1/2-1/2"]
[WhiteElo "2355"]
[BlackElo "2136"]
[PlyCount "79"]
[EventDate "2016.01.16"]
[EventType "tourn"]
[EventRounds "9"]
[EventCountry "CZE"]
[Source "lmi"]
[SourceDate "2016.01.16"]

1. d4 Nf6 2. c4 e6 3. Nf3 Bb4+ 4. Bd2 c5 5. Bxb4 cxb4 6. g3 O-O 7. Bg2 d6 8.
O-O a5 9. a3 Na6 10. axb4 Nxb4 11. Nc3 Qc7 12. Nd2 Bd7 13. Qb3 Rac8 14. Rfc1 b6
15. h3 Qb8 16. Nce4 Nxe4 17. Nxe4 Bc6 18. d5 exd5 19. cxd5 Bb5 20. Nc3 Bc4 21.
Qd1 Rfe8 22. Bf3 Re5 23. b3 Ba6 24. Qd4 Rce8 25. Bg4 Qb7 26. f4 Re3 27. Kf2 Qe7
28. Qxb6 h5 29. Bxh5 g6 30. Bg4 Bxe2 31. Bxe2 Rxe2+ 32. Nxe2 Qxe2+ 33. Kg1 Re3
34. Qd8+ Kg7 35. Qh4 Nc2 36. Ra2 Rc3 37. Rf1 Qe3+ 38. Kh2 Qe2+ 39. Kg1 Qe3+ 40.
Kh2 1/2-1/2